LEADER 00957cam a22002774a 4500 001 000000136616 003 CaOOAMICUS 005 20131203102106.0 008 131203s1981 it b 000 0 ita r 020 $a88-359-3391-9 040 $aPUL$bita 041 1 $aita$hrus 100 1 $aCvetaeva, Marina.$0(OLS)http://pul/name/88032 245 13$aIl diavolo /$cMarina Cvetaeva. 260 $aRoma :$bEditori Riuniti,$cİ1981. 300 $a162 p. ;$c22 cm. 490 1 $aGrandi 830 0$aGrandi (Editori Riuniti).$0(OLS)http://pul/title/166457 850 $aPUL 852 $aPUL$W1$xDP1 Fondo E. Rossi$y115$m2 E 15$j157335$qFondi$B156818$CPULBib$Z2$F156818 $82 941 1 $a1 961 $aSul dorso collocazione ms. di E. Rossi: V 11 996 $6020$a88-359-3391-9$9(OLS)http://pul/number/154105 996 $6245$aIl diavolo$9(OLS)http://pul/title/172908 996 $6260$aRoma :$bEditori Riuniti$9(OLS)http://pul/publisher/54152 LEADER 01196nam a2200289 a 4500 001 000000124174 003 CaOOAMICUS 005 20110203174818.0 008 110203t2010 it u000 u ita r 020 $a978-88-5750-245-8 040 $aPUL$bita 245 00$aPensare l'esperienza religiosa /$ca cura di Angela Ales Bello e Onorato grassi. 260 $aMilano ; Udine :$bMimesis,$cİ2010. 300 $a181 p. ;$c21 cm. 490 1 $aFilosofie ;$v84 650 4$aFenomenologia.$0(OLS)http://pul/subject/1230 650 4$aFilosofia e religione.$0(OLS)http://pul/subject/2646 700 1 $aAles Bello, Angela,$d1939-$0(OLS)http://pul/name/22845 700 1 $aGrassi, Onorato.$0(OLS)http://pul/name/23571 830 0$aFilosofie (Mimesis) ;$v84.$0(OLS)http://pul/title/142788 850 $aPUL 852 $aPUL$W1$xSL Religione 3$y85$m200 ALEAN 1$j142984$qDDC 21$B141999$CPULBib$Z2$F141999 $H115778 $82 941 1 $a9 996 $6020$a978-88-5750-245-8$9(OLS)http://pul/number/146254 996 $6245$aPensare l'esperienza religiosa$9(OLS)http://pul/title/156540 996 $6260$aMilano ; Udine :$bMimesis$9(OLS)http://pul/publisher/81060